| 000 | 00632nam a2200229Ia 4500 | ||
|---|---|---|---|
| 003 | OSt | ||
| 005 | 20220923223547.0 | ||
| 006 | a|||||r|||| 00| 0 | ||
| 007 | ta | ||
| 008 | Pun | ||
| 024 | _a218,857 | ||
| 037 | _cTextual | ||
| 040 |
_aARTS _cARTS _bPun |
||
| 041 |
_2Pun _aPun |
||
| 082 | _aO153,1x, N7 | ||
| 100 |
_aਕਾਂਗ, ਅਮਰਜੀਤ _9156291 |
||
| 245 | 0 | _aਪੰਜਾਬੀ ਕਿੱਸੇ | |
| 260 |
_aਦਿੱਲੀ _b ਸਾਹਿੱਤ ਅਕਾਦਮੀ _c1997 |
||
| 300 |
_a256ਪੰ _ccm. |
||
| 942 |
_hO153,1x, N7 _cTEXL _2CC |
||
| 999 |
_c366191 _d366191 |
||